|
|
|
|
| LEADER |
00000cam a2200000 i 4500 |
| 001 |
1/50089 |
| 008 |
980728s1975 gr | ||| |||| ||gre|| |
| 035 |
|
|
|l 10043788
|
| 040 |
|
|
|a GR-MyUA
|b gre
|e AACR2
|
| 041 |
0 |
|
|a gre
|
| 082 |
0 |
|
|a 792.01
|
| 100 |
1 |
|
|a Λυγίζος, Μήτσος,
|d 1912-1993.
|
| 245 |
1 |
0 |
|a Τομή στο σύγχρονο θέατρο :
|b και τα 13 μικρά θεατρικά μελετήματα /
|c Μήτσου Λυγίζου.
|
| 260 |
|
|
|a Αθήνα :
|b Δωδώνη,
|c 1975.
|
| 300 |
|
|
|a 203 σ. ;
|c 21 εκ.
|
| 650 |
0 |
0 |
|a Theater
|x History and criticism.
|
| 852 |
|
|
|a INST
|b SAMOS
|e 19980728
|h 792.01 ΛΥΓ
|p 005300010804
|q 005300010804
|t BK
|y 0
|
| 901 |
|
|
|a BIBL-1998-2
|
| 909 |
|
|
|a Σ
|b 057636
|
| 922 |
|
|
|a 3ΕΛΗ
|b 199709
|c ΔΩΡ
|d ΠΑΡΙΑΝΟΣ
|